Statistics for Gold Coast Suns AFL 2020 team lineup

Click here to take the quiz!

General Stats

  • This quiz has been taken 19 times
  • The average score is 17 of 51

Answer Stats

NumbersPlayer% Correct
34Ben King
91%
18Matt Rowell
91%
11Touk Miller
91%
15Noah Anderson
73%
4Brandon Ellis
64%
17Corey Ellis
64%
24David Swallow
64%
22Izak Rankine
64%
28Jarrod Witts
64%
25Sam Collins
64%
33George Horlin Smith
55%
21Hugh Greenwood
55%
12Sam Day
55%
32Zac Smith
55%
9Ben Ainsworth
45%
6Alex Sexton
36%
10Charlie Ballard
36%
35Connor Budarick
36%
13Jack Lukosius
36%
14Lachie Weller
36%
30Peter Wright
36%
27Will Powell
36%
2Anthony Miles
27%
29Chris Burgess
27%
44Darcy MacPherson
27%
31Jordan Murdoch
27%
1Pearce Hanley
27%
16Rory Thompson
27%
26Sam Flanders
27%
8Brandon Fiorini
18%
46Caleb Graham
18%
3Jack Bowes
18%
20Jack Hombsch
18%
40Jacob Heron
18%
5Jarrod Harbrow
18%
37Jeremy Sharp
18%
19Josh Corbett
18%
50Jy Farrar
18%
52Luke Towey
18%
7Will Brodie
18%
43Jen McLennan
9%
38Jesse Joyce
9%
36Josh Schoenfield
9%
41Malcom Rosas
9%
48Matt Conroy
9%
49Mitch Riordan
9%
39Nick Holman
9%
47Sam Fletcher
9%
23Sean Lemmens
9%
45Jacob Dawson
0%
42Patrick Murtagh
0%

Score Distribution

Percentile by Number Answered

Percent of People with Each Score

Your Score History

You have not taken this quiz